000 00664nam a2200253 i 4500
001 bg
100 1 _aRASIOWA, Helena
_d(1917-1994)
245 1 0 _aWstęp do matematyki współczesnej /
_cHelena Rasiowa.
250 _aWyd. 12.
260 _aWarszawa :
_bWydaw. Naukowe PWN,
_c2001.
300 _a302, [2] s. :
_bil. ;
_c24 cm.
504 _aIndeksy.
650 9 _aAlgebra
650 9 _aLogika matematyczna
650 9 _aTeoria mnogości
655 _aPodręczniki akademickie
020 _a8301013737
040 _cBPK
041 0 _apl
080 _a51(075.8)
920 _a83-01-01373-7
942 _cKS
008 s pl f |000 0 pol
999 _c40700
_d40700
856 _uhttp://koha.tu.koszalin.pl/cgi-bin/koha/opac-detail.pl?biblionumber=40700
_yKatalog online BPK